000 00485nam a2200193Ia 4500
008 240509s9999 xx 000 0 und d
020 _a0000835908461
041 _aEng
082 _a004
082 _bNS
100 _aWINTER, M.J.
245 0 _aComputer playground on the commodore 64 and VIC 20
260 _bChastsworth , CA : Datamost
260 _c1983
300 _a128 p.
650 _aComputer games : Commodore 64 : VIC 20 : BASIC
942 _2ddc
942 _cRBK
999 _c29613
_d29613
945 _a1
_bMadushi Gamage
_c1
_dMadushi Gamage